| 000 | 00767nam a2200193Ii 4500 | ||
|---|---|---|---|
| 003 | JO-AjNU | ||
| 008 | 230605s9999||||xx |||||||||||||| ||und|| | ||
| 040 |
_aJO-AjNU _bara _erda _cJO-AjNU |
||
| 041 | _aara | ||
| 050 | 1 | 4 | _aPJ6031.Q2 1900 |
| 100 | 3 |
_aتاليف: القالي البغدادي، ابي علي اسماعيل بن القاسم, _eauthor _959130 |
|
| 245 | 0 | 0 | _aكتاب الامالي مج،3 |
| 264 | 3 | 1 | _aبيروت: دار الكتب العلمية، 1900 |
| 300 |
_aمج 3: 224ص _bيحتوي على فهارس من ص 135-224 |
||
| 336 |
_atext _btxt _2rdacontent |
||
| 337 |
_aunmediated _bn _2rdamedia |
||
| 338 |
_avolume _bnc _2rdacarrier |
||
| 650 | 4 |
_aالأدب العربي -- العصر العباسي، 750-1258 -- مجموعات _959131 |
|
| 999 |
_aA26593 _c30161 _d30161 |
||